Návrh a aplikácia riadiaceho systému na prevádzku demerkurizácie odpadových vôd : Diplomová práca

Enregistré dans:
Détails bibliographiques
Auteur principal: Streďanský, Andrej (Auteur)
Autres auteurs: Balaščák, Milan (xxx)
Format: Manuscrit Livre
Langue:slovaque
Publié: Trnava : STU v Bratislave MtF KAIA, 1996
Sujets:
Tags: Ajouter un tag
Pas de tags, Soyez le premier à ajouter un tag!

MARC

LEADER 00000ntm a22000003a 4500
001 stu61334
005 20160719155122.3
008 010928s1996----xo------------------slo-d
040 |a STU  |b slo 
041 0 |a slo 
044 |a xo 
100 1 |a Streďanský, Andrej  |4 aut 
245 1 |a Návrh a aplikácia riadiaceho systému na prevádzku demerkurizácie odpadových vôd :  |b Diplomová práca 
260 |a Trnava :  |b STU v Bratislave MtF KAIA,  |c 1996 
300 |a 78 s  |c výťah 
650 7 |a Vody odpadové-demerkurizácia-systémy riadiace  |2 stusub 
650 7 |a Systémy riadiace  |2 stusub 
650 7 |a aplikovaná informatika a automatizácia v priemysle  |2 stusub 
700 1 |a Balaščák, Milan  |4 xxx 
996 |b 284M033296  |c M*DP-1226  |l MMSKP  |s P  |a 0  |w stu61334_0001